Anatomy & physiology : (رقم التسجيلة. 30199)

تفاصيل مارك
000 -الفاتح
حقل البيانات ثابتة الطول 00877cam a22003138a 4500
001 - رقم الضبط
رقم الضبط 17083052
003 - محدد رقم الضبط
رقم الضبط OSt
005 - وقت وتاريخ اخر تعامل مع التسجيلة
رقم الضبط 20150408114135.0
008 - عناصر البيانات ثابتة الطول - معلومات عامة
حقل البيانات ثابتة الطول 111212s2013 mou b 001 0 eng
010 ## - رقم ضبط مكتبة الكونجرس
رقم ضبط مكتبة الكونجرس 2011051161
035 ## - رقم ضبط النظام
رقم ضبط النظام (DNLM)101574410
040 ## - مصدر الفهرسة
وكالة الفهرسة الأصلية DNLM/DLC
وكالة النسخ DLC
042 ## - رمز التحقق
رمز التحقق pcc
060 10 - رقم الطلب بالمكتبة الطبية الوطنية
رقم التصنيف QS 4
082 00 - رقم تصنيف ديوى العشرى
رقم التصنيف 612 PKA
رقم الطبعة 23
100 1# - المدخل الرئيسى - إسم شخصى
الإسم الشخصى Patton, Kevin T.
9 (RLIN) 5284
245 10 - بيان العنوان
العنوان Anatomy & physiology :
بيان المسئوليه,etc Kevin T. Patton, Gary A. Thibodeau.
بقية العنوان study guide /
246 1# - العنوان الموازى
عنوان صحيح/عنوان مختصر Anatomy and physiology
250 ## - بيان الطبعة
بيان الطبعة 8th ed.
260 ## - PUBLICATION, DISTRIBUTION, ETC. (IMPRINT)
مكان الناشر او الموزع St. Louis, MO :
اسم الناشر او الموزع Elsevier/Mosby,
تاريخ النشر أو التوزيع c2013.
263 ## - تاريخ النشر المتوقع
تاريخ النشر المتوقع 1203
300 ## - الوصف المادى
التعداد p. ;528
أبعاد الوعاء cm.
504 ## - تبصرة ببليوجرافية
تبصرة ببليوجرافية,الخ Includes bibliographical references and index.
650 12 - المدخل الاضافى بالموضوع-مصطلح موضوعى
مصطلح موضوعي أو اسم جغرافي كعنصر مدخل Anatomy.
650 22 - المدخل الاضافى بالموضوع-مصطلح موضوعى
مصطلح موضوعي أو اسم جغرافي كعنصر مدخل Physiology.
700 1# - المدخل الاضافى - اسم شخصى
الإسم الشخصى Thibodeau, Gary A.,
التواريخ المصاحبة للاسم 1938-
906 ## - عنصر بيانات محلى F, LDF (RLIN)
a 7
b cbc
c orignew
d 1
e ecip
f 20
g y-gencatlg
942 ## - عناصر المدخل الإضافي( كوها)
مصدر التصنيف او مخطط الترفيف Dewey Decimal Classification
Koha [default] item type كتاب
المقتنيات
حالة الفقد نموذج السعر الفعال حالة تلف ليس للاعارة رقم الطلب رقم النسخة تاريخ الاكتساب الموقع الحالي الباركود الفرع الرئيسي Date last seen نوع المادة فى نظام كوها مصدر التصنيف او خطة الترفيف Total Checkouts
  2013-06-29   Not For Loan 612 PKA 1 2013-06-29 المكتبة المركزية بالمجمعة (CL) 00307266 المكتبة المركزية بالمجمعة (CL) 2013-06-29 كتاب Dewey Decimal Classification  
  2013-06-29     612 PKA 2 2013-06-29 المكتبة المركزية بالمجمعة (CL) 00307267 المكتبة المركزية بالمجمعة (CL) 2013-06-29 كتاب Dewey Decimal Classification  
  2013-06-29     612 PKA 3 2013-06-29 المكتبة المركزية بالمجمعة (CL) 00307268 المكتبة المركزية بالمجمعة (CL) 2013-06-29 كتاب Dewey Decimal Classification